[Event "JAHI   III"]
[Site "SchemingMind.com"]
[Date "2018.05.22"]
[Round "-"]
[White "Krolewna"]
[Black "Ronald R. Nurmi"]
[Result "0-1"]
[WhiteCountry "POL"]
[BlackCountry "USA"]
[WhiteElo "1890"]
[WhiteRD "63"]
[BlackElo "1792"]
[BlackRD "78"]
[GameID "428488"]

1. b4 d5 2. Bb2 Nf6 3. e3 Bf5 4. Nf3 e6 5. b5 Nbd7 6. Be2 Bd6 7. O-O O-O 8. Nh4 Bg6 9. Nxg6 hxg6 10. c4 c5
11. d3 Qc7 12. g3 b6 13. Nd2 Rfe8 14. f4 e5 15. Bf3 e4
0-1

[Event "JAHI   III"]
[Site "SchemingMind.com"]
[Date "2018.05.23"]
[Round "-"]
[White "Ronald R. Nurmi"]
[Black "Krolewna"]
[Result "1-0"]
[WhiteCountry "USA"]
[BlackCountry "POL"]
[WhiteElo "1792"]
[WhiteRD "78"]
[BlackElo "1890"]
[BlackRD "63"]
[GameID "428489"]

1. d4 b5 2. e4 Bb7 3. Bd3 e6 4. Nf3 a6 5. O-O c5 6. c3 Nf6 7. Re1 cxd4 8. cxd4 Be7 9. Nbd2 O-O 10. Nb3 Nc6
11. Bg5 h6 12. Bh4 Qb6 13. Bb1 d6 14. e5 dxe5 15. dxe5
1-0

[Event "JAHI   III"]
[Site "SchemingMind.com"]
[Date "2018.05.25"]
[Round "-"]
[White "Clive Everill"]
[Black "Robert Bruce"]
[Result "0-1"]
[WhiteCountry "CZE"]
[BlackCountry "SCO"]
[WhiteElo "1734"]
[WhiteRD "59"]
[BlackElo "2312"]
[BlackRD "67"]
[GameID "428547"]

1. Nf3 f5 2. c4 g6 3. d4 Bg7 4. g3 Nh6 5. Bg2 d6 6. O-O O-O 7. Nc3 c6 8. Re1 Na6 9. a3 Nc7 10. e4 Nf7
11. Qb3 e5 12. d5 fxe4 13. Nxe4 b5 14. dxc6 bxc4 15. Qd1 d5 16. Nc5 Qd6 17. Nd7 Re8 18. Qa4 Ba6 19. Bd2 Bb5 20. Qb4 Qxc6
21. Nc5 a5 22. Qc3 Qxc5 23. Qc1 e4 24. Nh4 Ne5 25. Bf1 Ng4 26. Be3 d4 27. Bf4 d3 28. Be3 Nxe3 29. Qxe3 Qxe3 30. fxe3 Bxb2
31. Ra2 c3
0-1

[Event "JAHI   III"]
[Site "SchemingMind.com"]
[Date "2018.05.25"]
[Round "-"]
[White "Robert Bruce"]
[Black "Clive Everill"]
[Result "1-0"]
[WhiteCountry "SCO"]
[BlackCountry "CZE"]
[WhiteElo "2282"]
[WhiteRD "68"]
[BlackElo "1724"]
[BlackRD "59"]
[GameID "428548"]

1. f4 d5 2. c4 e6 3. d4 Nf6 4. Nf3 c5 5. e3 Nc6 6. Nc3 cxd4 7. exd4 Bb4 8. a3 Bxc3+ 9. bxc3 Ne4 10. Qc2 dxc4
11. Qxe4 Na5 12. Rb1 O-O 13. Be2 Bd7 14. Ng5 g6 15. O-O Bc6 16. Qe3 b5 17. Qh3 h5 18. Bxh5 Kg7 19. f5 exf5 20. Bxg6 Rh8
21. Qxf5 Rf8 22. Nxf7 Rxf7 23. Qxf7+
1-0

[Event "JAHI   III"]
[Site "SchemingMind.com"]
[Date "2018.05.25"]
[Round "-"]
[White "wheeler"]
[Black "JAHI"]
[Result "0-1"]
[WhiteCountry "HUN"]
[BlackCountry "INT"]
[WhiteElo "1624"]
[WhiteRD "197"]
[BlackElo "2126"]
[BlackRD "72"]
[GameID "428590"]

1. d4 c6 2. c4 c5 3. Nf3 cxd4 4. Nxd4 Nf6 5. Nc3 g6 6. Qc2 Nc6 7. Nf3 d6 8. a3 Bg7 9. e4 Bg4 10. Be2 Bxf3
11. Bxf3 Nd4 12. Qd3 Nd7 13. Be3 Ne5 14. Qd2 Nexf3+ 15. gxf3 Nxf3+
0-1

[Event "JAHI   III"]
[Site "SchemingMind.com"]
[Date "2018.05.25"]
[Round "-"]
[White "JAHI"]
[Black "wheeler"]
[Result "1-0"]
[WhiteCountry "INT"]
[BlackCountry "HUN"]
[WhiteElo "2127"]
[WhiteRD "70"]
[BlackElo "1612"]
[BlackRD "193"]
[GameID "428591"]

1. g3 e6 2. Bg2 Nc6 3. Bxc6 dxc6 4. Nf3 b6 5. Nc3 Bb7 6. d3 Nf6 7. Bf4 Bd6 8. Qd2 O-O 9. Bxd6 Qxd6 10. Rd1 Rad8
11. a3 c5 12. Nb5 Qc6 13. Nc3 e5 14. Qe3 Ng4 15. Qg5 f5 16. h3 Nf6 17. Qxf5 Rde8 18. Rg1 Bc8 19. Qg5 Bxh3 20. g4 h6
21. Qg6 Re6 22. g5 hxg5 23. Nxg5 Bf5 24. Qxf5
1-0

[Event "JAHI   III"]
[Site "SchemingMind.com"]
[Date "2018.05.27"]
[Round "-"]
[White "Chessibelle"]
[Black "davidcook"]
[Result "0-1"]
[WhiteCountry "ENG"]
[BlackCountry "ENG"]
[WhiteElo "1134"]
[WhiteRD "60"]
[BlackElo "1912"]
[BlackRD "63"]
[GameID "428642"]

1. e4 e5 2. Nf3 Nc6 3. b3 Nf6 4. Nc3 Bc5 5. h3 O-O 6. Be2 a6 7. O-O d6 8. a3 Ne8 9. g4 h5 10. g5 Bxh3
11. Re1 Nd4 12. d3 Nxf3+ 13. Bxf3 Bd4 14. Ne2 Bxa1 15. c3 f6 16. Bxh5 fxg5 17. Bd2 Qf6 18. Kh2 Qxf2+ 19. Kh1 Qg2#
0-1

[Event "JAHI   III"]
[Site "SchemingMind.com"]
[Date "2018.05.27"]
[Round "-"]
[White "davidcook"]
[Black "Chessibelle"]
[Result "1-0"]
[WhiteCountry "ENG"]
[BlackCountry "ENG"]
[WhiteElo "1912"]
[WhiteRD "63"]
[BlackElo "1134"]
[BlackRD "60"]
[GameID "428643"]

1. e4 e5 2. Nf3 d6 3. d4 f6 4. dxe5 Bd7 5. exd6 cxd6 6. Bc4 h6 7. Nc3 Ne7 8. Bf4 Nec6 9. Bxd6 Be7 10. Qd5 a6
11. Qf7#
1-0

[Event "JAHI   III"]
[Site "SchemingMind.com"]
[Date "2018.06.01"]
[Round "-"]
[White "johanrientsop"]
[Black "kenneth m day"]
[Result "1-0"]
[WhiteCountry "NED"]
[BlackCountry "USA"]
[WhiteElo "1868"]
[WhiteRD "84"]
[BlackElo "1778"]
[BlackRD "61"]
[GameID "428849"]

1. e4 e5 2. f4 exf4 3. Nf3 g5 4. d4 d6 5. h4 g4 6. Ng1 Qf6 7. Nc3 Ne7 8. Qd3 Bh6 9. Bd2 a6 10. O-O-O Nbc6
11. Nge2 Bd7 12. a3 O-O-O 13. Kb1 Rhg8 14. Bc1 Kb8 15. Qd2 Ng6 16. Nd5 Qe6 17. Nec3 Nge7 18. Bc4 Nxd5 19. exd5 Qf6 20. dxc6 Bxc6
21. Bd5 Bxd5 22. Nxd5 Qe6 23. Nxf4 Bxf4 24. Qxf4 f5 25. d5 Qe5 26. Rhf1 Qf6 27. Qh6 Qxh6 28. Bxh6 Rg6 29. Bg5 Re8 30. Rxf5 h6
31. Rf6 Rxf6 32. Bxf6 Re2 33. Rg1 h5 34. g3 Rd2 35. c4 Rd3 36. Kc2 Rf3 37. Bg5 Rf2+ 38. Kb1 Rf3 39. Bf4 b6 40. Rd1 Rf2
41. Rd2 Rf1+ 42. Kc2 Re1 43. Kb3 Re4 44. Kb4 Kb7 45. Kc3 Re1 46. b3 Rf1 47. Re2 Rf3+ 48. Re3 Rf1 49. Kd4 c5+ 50. dxc6+ Kxc6
51. Ke4 Rd1 52. Rd3 Re1+ 53. Kf5 Re8 54. Rxd6+ Kc5 55. Rd5+ Kc6 56. Re5 Rf8+ 57. Kg6
1-0

[Event "JAHI   III"]
[Site "SchemingMind.com"]
[Date "2018.06.01"]
[Round "-"]
[White "kenneth m day"]
[Black "johanrientsop"]
[Result "0-1"]
[WhiteCountry "USA"]
[BlackCountry "NED"]
[WhiteElo "1778"]
[WhiteRD "61"]
[BlackElo "1868"]
[BlackRD "84"]
[GameID "428850"]

1. e4 c5 2. d4 cxd4 3. c3 dxc3 4. Nxc3 Nc6 5. Nf3 e6 6. Bc4 a6 7. O-O Be7 8. Qe2 d6 9. Be3 Nf6 10. Rfd1 O-O
11. Rac1 b5 12. Bd3 Bb7 13. a3 Rc8 14. h3 h6 15. Bb1 Nh7 16. e5 d5 17. Qd3 g6 18. Bxh6 Re8 19. Ne2 Bg5 20. Bxg5 Nxg5
21. Ned4 Nxf3+ 22. Nxf3 Qe7 23. Qe3 Kg7 24. Qf4 Rh8 25. Kf1 a5 26. Kg1 Rh5 27. Bd3 b4 28. a4 Rch8 29. b3 g5 30. Qg4 Qd8
31. Be2 R5h6 32. Bd3 Kf8 33. Qxg5 Qxg5 34. Nxg5 Nxe5 35. Rc7 Ba8 36. Ra7 Kg7 37. Be2 d4 38. Rxa5 Bd5 39. Rb5 Rg6 40. f4 Nc6
41. Kf2 Bxb3 42. a5 Bxd1 43. Bxd1 e5 44. Rb7 Nxa5 45. Rxf7+ Kg8 46. Rf5 Kg7 47. Rxe5 Nc4 48. Re4 Ne3 49. Be2 Rd6 50. Bd3 b3
51. Ne6+ Kf6 52. Nxd4 Nf5 53. Nxb3 Rxd3 54. Nc5 Rd2+ 55. Kf3 Rc8 56. Re5 Rc6 57. Ne4+ Kg6 58. Nxd2 Rc3+ 59. Ke4 Re3+ 60. Kd5 Rd3+
61. Ke6 Rd6#
0-1

[Event "JAHI   III"]
[Site "SchemingMind.com"]
[Date "2018.06.06"]
[Round "-"]
[White "malcolm chugg"]
[Black "John Hamer"]
[Result "1-0"]
[WhiteCountry "WLS"]
[BlackCountry "ENG"]
[WhiteElo "1294"]
[WhiteRD "59"]
[BlackElo "2008"]
[BlackRD "71"]
[GameID "428851"]

1. e4 e5 2. d3 Nf6 3. Bg5 Bc5 4. Qf3 Nc6 5. c3 d5 6. h3 Be6 7. Nd2 O-O 8. Ne2 Be7 9. O-O-O Qd7 10. Bxf6 Bxf6
11. Kb1 Rac8 12. Nb3 Qe7 13. Ng3 Rfd8 14. Nf5 Qf8 15. Qg4 g6 16. Ne7+ Bxe7 17. Qf3 a5 18. d4 dxe4 19. Qxe4 Bf5 20. Qxf5 gxf5
21. Bb5 Na7 22. a4 exd4 23. Nxd4 Bc5 24. Rd2 Qg7 25. Rhd1 Bxd4 26. cxd4 Nxb5 27. axb5 Qxg2 28. h4 Qe4+ 29. Rd3 Qxh4 30. R1d2 h5
31. Rg3+ Kf8 32. d5 Qe4+ 33. Ka1 Qe1+ 34. Ka2 Qxd2 35. Ra3
1-0

[Event "JAHI   III"]
[Site "SchemingMind.com"]
[Date "2018.06.01"]
[Round "-"]
[White "John Hamer"]
[Black "malcolm chugg"]
[Result "1-0"]
[WhiteCountry "ENG"]
[BlackCountry "WLS"]
[WhiteElo "2008"]
[WhiteRD "71"]
[BlackElo "1294"]
[BlackRD "59"]
[GameID "428852"]

1. d4 d5 2. c4 Nf6 3. Nf3 e6 4. Nc3 Bb4 5. e3 Bxc3+ 6. bxc3 Ne4 7. Qc2 f5 8. Ba3 c6 9. Bd3 Nd7 10. O-O b6
11. Rad1 c5 12. cxd5 exd5 13. dxc5 Ndxc5 14. Bb5+ Bd7 15. Bxd7+ Qxd7 16. c4 Qa4 17. Qb2 Qxc4 18. Qe5+ Kd7 19. Rxd5+ Kc6 20. Nd4+ Kb7
21. f3 Rae8 22. Qxg7+ Ka6 23. Nc6 Ra8 24. Nb4+ Kb5 25. Qd7+ Ka5 26. fxe4 fxe4 27. Nc6+ Ka6 28. Bxc5 bxc5 29. Rb1 Qxd5 30. Qb7#
1-0

[Event "JAHI   III"]
[Site "SchemingMind.com"]
[Date "2018.06.06"]
[Round "-"]
[White "Timaeus"]
[Black "Robert Hatfield"]
[Result "0-1"]
[WhiteCountry "JPN"]
[BlackCountry "USA"]
[WhiteElo "1537"]
[WhiteRD "81"]
[BlackElo "1899"]
[BlackRD "79"]
[GameID "428855"]

1. d4 Nf6 2. Bf4 e6 3. e3 c5 4. Bc4 d5 5. Bb5+ Nc6 6. Be5 Bd7 7. dxc5 Nxe5 8. Bxd7+ Nexd7 9. b4 Be7 10. Nc3 O-O
11. Nf3 h6 12. O-O a6 13. a4 Rc8 14. a5 Nb8 15. Re1 Nc6 16. Rb1 Ne4 17. Nxe4 dxe4 18. Nd2 Qd5 19. c4 Qf5 20. Qc2 Rfd8
21. Nxe4 Ne5 22. f3 Qg6 23. Qf2 Nd3 24. Qg3 Qxg3 25. Nxg3 Nxe1 26. Rxe1 Bh4 27. e4 Rd2 28. e5 Rb2 29. Rd1 Bxg3 30. hxg3 Rxb4
31. c6 Rxc6 32. Rd8+ Kh7 33. Rd7 Kg6 34. f4 Rcxc4 35. Kh2 h5 36. Kh3 Rc1 37. g4 Rh1+ 38. Kg3 h4+ 39. Kf3 Rf1+ 40. Ke2 Rfxf4
41. Rd3 Rfe4+
0-1

[Event "JAHI   III"]
[Site "SchemingMind.com"]
[Date "2018.06.06"]
[Round "-"]
[White "Robert Hatfield"]
[Black "Timaeus"]
[Result "1-0"]
[WhiteCountry "USA"]
[BlackCountry "JPN"]
[WhiteElo "1899"]
[WhiteRD "79"]
[BlackElo "1537"]
[BlackRD "81"]
[GameID "428856"]

1. c4 c5 2. g3 e5 3. Bg2 Bd6 4. Nc3 Nf6 5. d3 Nc6 6. Nf3 O-O 7. O-O b6 8. Nh4 Be7 9. Nf5 d6 10. Nxe7+ Qxe7
11. Bxc6 Bb7 12. Bxb7 Qxb7 13. e4 Qd7 14. Qf3 Qh3 15. Qg2 Qh5 16. Be3 a6 17. Rae1 Rfe8 18. Nd5 Ng4 19. Nc7 Nxe3 20. fxe3
1-0

[Event "JAHI   III"]
[Site "SchemingMind.com"]
[Date "2018.06.06"]
[Round "-"]
[White "davidcook"]
[Black "Hisjazzrabbit"]
[Result "1-0"]
[WhiteCountry "ENG"]
[BlackCountry "FRA"]
[WhiteElo "2163"]
[WhiteRD "65"]
[BlackElo "1489"]
[BlackRD "131"]
[GameID "428857"]

1. e4 e5 2. Nf3 Nc6 3. d4 d5 4. Nxe5 Nxe5 5. dxe5 d4 6. Bc4 Be6 7. Bxe6 fxe6 8. c3 Bc5 9. Qh5+ g6 10. Qh3 Qd7
11. b4 Bb6 12. O-O O-O-O 13. Bg5 Rf8 14. a4 h6 15. a5 Qc6 16. axb6 cxb6 17. cxd4 Qxe4 18. Qxe6+ Kb8 19. Qd6+ Ka8 20. Qxf8#
1-0

[Event "JAHI   III"]
[Site "SchemingMind.com"]
[Date "2018.06.06"]
[Round "-"]
[White "Hisjazzrabbit"]
[Black "davidcook"]
[Result "0-1"]
[WhiteCountry "FRA"]
[BlackCountry "ENG"]
[WhiteElo "1417"]
[WhiteRD "120"]
[BlackElo "2272"]
[BlackRD "63"]
[GameID "428858"]

1. e4 e5 2. Nf3 Nc6 3. Nc3 Nf6 4. Bd3 Bc5 5. Nd5 d6 6. c3 Nxd5 7. exd5 Ne7 8. Be4 O-O 9. d4 exd4 10. cxd4 Bb4+
11. Bd2 f5 12. Bd3 Bxd2+ 13. Qxd2 Nxd5 14. O-O h6 15. Bc4 Be6 16. Bxd5 Bxd5 17. Qd3 Qf6 18. b4 Rae8 19. a3 Re7 20. Rad1 Rfe8
21. a4 Re2 22. Rc1 c6 23. Rfe1 Bxf3 24. gxf3 Rxe1+
0-1

[Event "JAHI   III"]
[Site "SchemingMind.com"]
[Date "2018.07.11"]
[Round "-"]
[White "Robert Bruce"]
[Black "JAHI"]
[Result "1-0"]
[WhiteCountry "SCO"]
[BlackCountry "INT"]
[WhiteElo "2317"]
[WhiteRD "68"]
[BlackElo "2079"]
[BlackRD "74"]
[GameID "430181"]

1. d4 e6 2. Nf3 d6 3. c4 g6 4. Bg5 f6 5. Bd2 Bg7 6. h4 e5 7. Nc3 exd4 8. Nxd4 Ne7 9. h5 f5 10. Bg5 Nbc6
11. Nd5 Bxd4 12. Bxe7 Bxf2+ 13. Kxf2 Nxe7 14. Qd4 Rg8 15. hxg6 hxg6 16. Nf6+ Kf7 17. Rh7+ Rg7 18. Rxg7+ Kxg7 19. Nd5+ Kg8 20. Qf6 Nc6
21. Qxg6+ Kf8 22. Qh6+ Kg8 23. e3 Bd7 24. Qg6+ Kf8 25. Qh7 Ne5 26. Be2 Nf7 27. Bh5 Qh4+ 28. Kg1 Be6 29. Nxc7 Qe4 30. Bxf7 Qxe3+
31. Kh1 Bxf7 32. Nxa8 Bxc4 33. Qxf5+ Bf7 34. Qf6 Qe5 35. Qh6+ Ke8 36. Rc1 d5 37. Nc7+ Ke7 38. Qh4+ Kf8 39. Rf1 Kg8 40. Qd8+ Kg7
41. Qd7 Qh5+ 42. Kg1 Qg6 43. Rf4 Qb1+ 44. Kh2 Qh7+ 45. Kg3 Qd3+ 46. Kg4 Qg6+ 47. Kh3 Qd3+ 48. g3 Qh7+ 49. Rh4 Qxh4+ 50. Kxh4 d4
51. Kg5 d3 52. Ne6+ Kg8 53. Kh6 Kh8 54. Qd4+ Kg8 55. Qg7#
1-0

[Event "JAHI   III"]
[Site "SchemingMind.com"]
[Date "2018.07.11"]
[Round "-"]
[White "JAHI"]
[Black "Robert Bruce"]
[Result "0-1"]
[WhiteCountry "INT"]
[BlackCountry "SCO"]
[WhiteElo "2079"]
[WhiteRD "74"]
[BlackElo "2317"]
[BlackRD "68"]
[GameID "430182"]

1. b3 e5 2. Bb2 Nc6 3. e3 g6 4. d3 d5 5. d4 Bb4+ 6. c3 Bd6 7. dxe5 Bxe5 8. Nf3 Bg7 9. Be2 Bf5 10. Nd4 Nxd4
11. cxd4 Nf6 12. Bd3 Bxd3 13. Qxd3 O-O 14. Ba3 Re8 15. Nd2 c6 16. Bb4 b6 17. Ba3 c5 18. Nf3 Ne4 19. Rc1 a5 20. dxc5 d4
21. cxb6 dxe3 22. Qxd8 exf2+ 23. Kf1 Raxd8 24. g3 Bh6 25. Rb1 Be3 26. b7 Nd2+ 27. Nxd2 Rxd2 28. b4 a4 29. Bb2 Ba7 30. Bf6 Rxa2
31. b5 a3 32. Rd1 Rc2 33. b6 Bxb6 34. g4 Ba7 35. Bh4 a2 36. Bf6 Re1+ 37. Rxe1 fxe1=Q+ 38. Kxe1 Rc1+ 39. Ke2 Rxh1 40. Kd3 a1=Q
41. Bxa1 Rxa1 42. h3 Rh1 43. Ke4 h5 44. g5 Bb8 45. h4 Rxh4+ 46. Kd5 Rf4 47. Kc6 h4 48. Kd7 Rc4 49. Ke7 h3 50. Kd7 Kf8
51. Kd8 h2 52. Kd7 h1=Q 53. Kd8 Qd1#
0-1

[Event "JAHI   III"]
[Site "SchemingMind.com"]
[Date "2018.08.13"]
[Round "-"]
[White "Greg Magne"]
[Black "Ronald R. Nurmi"]
[Result "0-1"]
[WhiteCountry "CAN"]
[BlackCountry "USA"]
[WhiteElo "1712"]
[WhiteRD "77"]
[BlackElo "1821"]
[BlackRD "76"]
[GameID "431374"]

1. e4 d5 2. exd5 Qxd5 3. Nc3 Qd6 4. d4 Nf6 5. Nf3 c6 6. g3 Bf5 7. Bg2 e6 8. Bf4 Qd8 9. Qe2 Bd6 10. Ne5 O-O
11. O-O-O Nbd7 12. Kb1 Nb6 13. h3 h6 14. g4 Bh7 15. Rhe1 Nbd5 16. Nxd5 cxd5 17. g5 hxg5 18. Bxg5 Rc8 19. Rd2 Be7 20. Ka1 a6
21. c3 b5 22. h4 b4 23. Bh3 bxc3 24. bxc3 Rxc3 25. Nxf7 Qc7 26. Kb2 Ba3+ 27. Ka1 Rc1+ 28. Rxc1 Qxc1#
0-1

[Event "JAHI   III"]
[Site "SchemingMind.com"]
[Date "2018.08.15"]
[Round "-"]
[White "Ronald R. Nurmi"]
[Black "Greg Magne"]
[Result "1/2-1/2"]
[WhiteCountry "USA"]
[BlackCountry "CAN"]
[WhiteElo "1821"]
[WhiteRD "76"]
[BlackElo "1712"]
[BlackRD "77"]
[GameID "431375"]

1. d4 d5 2. Bf4 c5 3. e3 Nc6 4. c3 Nf6 5. Nd2 Bg4 6. Ngf3 e6 7. Qb3 Qd7 8. Bb5 Bd6 9. Ne5 Bxe5 10. Bxe5 a6
11. Be2 Bxe2 12. Kxe2 Nxe5 13. dxe5 Ng4 14. f4 O-O 15. h3 Nh6 16. g4 f6 17. exf6 gxf6 18. Rag1 Kh8 19. g5 fxg5 20. fxg5 Nf5
21. Nf3 d4 22. e4 Ne3 23. cxd4 cxd4 24. h4 Rac8 25. Rc1 Rxc1 26. Rxc1 Qf7 27. Ne5 Qf2+ 28. Kd3 Re8 29. Qxb7 Nf1 30. Nf7+ Kg8
31. Nh6+ Kh8 32. Nf7+ Kg8 33. Nh6+=
1/2-1/2

[Event "JAHI   III"]
[Site "SchemingMind.com"]
[Date "2018.09.29"]
[Round "-"]
[White "Robert Hatfield"]
[Black "davidcook"]
[Result "0-1"]
[WhiteCountry "USA"]
[BlackCountry "ENG"]
[WhiteElo "1906"]
[WhiteRD "74"]
[BlackElo "2309"]
[BlackRD "65"]
[GameID "433089"]

1. e4 e5 2. Nf3 Nc6 3. Nc3 Nf6 4. Bb5 Bb4 5. O-O O-O 6. d3 Bxc3 7. bxc3 d6 8. Re1 Ne7 9. d4 a6 10. Bd3 Ng6
11. Bg5 h6 12. Bd2 Re8 13. Rb1 d5 14. dxe5 Nxe5 15. Nxe5 Rxe5 16. f4 Re8 17. e5 Ne4 18. Bxe4 dxe4 19. Rxe4 Qd5 20. Rd4 Qxa2
21. Ra1 Qe6 22. Be3 Qg6 23. c4 Bf5 24. Qf3 Rad8 25. c3 c5 26. Rxd8 Rxd8 27. Qf2 b6 28. h3 Bxh3
0-1

[Event "JAHI   III"]
[Site "SchemingMind.com"]
[Date "2018.09.29"]
[Round "-"]
[White "davidcook"]
[Black "Robert Hatfield"]
[Result "1-0"]
[WhiteCountry "ENG"]
[BlackCountry "USA"]
[WhiteElo "2309"]
[WhiteRD "65"]
[BlackElo "1906"]
[BlackRD "74"]
[GameID "433090"]

1. e4 e6 2. d4 d5 3. Nd2 Be7 4. Ngf3 Nf6 5. Bd3 c5 6. c3 Nc6 7. O-O cxd4 8. cxd4 dxe4 9. Nxe4 O-O 10. Be3 Bd7
11. a3 Rc8 12. Rc1 Nd5 13. Nc5 b6 14. Nxd7 Qxd7 15. Bb5 Nxe3 16. fxe3 Qd6 17. Qa4 Nb8 18. Qxa7 Bf6 19. Qb7 Qd5 20. Qxc8 Qxb5
21. Qb7
1-0

[Event "JAHI   III"]
[Site "SchemingMind.com"]
[Date "2018.10.18"]
[Round "-"]
[White "John Hamer"]
[Black "Ronald R. Nurmi"]
[Result "1-0"]
[WhiteCountry "ENG"]
[BlackCountry "USA"]
[WhiteElo "2047"]
[WhiteRD "71"]
[BlackElo "1775"]
[BlackRD "77"]
[GameID "433730"]

1. c4 e5 2. Nc3 Nc6 3. e4 Bc5 4. g3 d6 5. Bg2 f5 6. Nf3 Nf6 7. d3 O-O 8. O-O fxe4 9. dxe4 Ng4 10. Bg5 Bxf2+
11. Rxf2 Nxf2 12. Qd5+
1-0

[Event "JAHI   III"]
[Site "SchemingMind.com"]
[Date "2018.10.19"]
[Round "-"]
[White "Ronald R. Nurmi"]
[Black "John Hamer"]
[Result "0-1"]
[WhiteCountry "USA"]
[BlackCountry "ENG"]
[WhiteElo "1775"]
[WhiteRD "77"]
[BlackElo "2047"]
[BlackRD "71"]
[GameID "433731"]

1. d4 Nf6 2. Bf4 d5 3. e3 e6 4. Nd2 c5 5. c3 Nc6 6. Ngf3 Be7 7. Ne5 O-O 8. Bd3 Bd7 9. h4 Rc8 10. g4 cxd4
11. exd4 Be8 12. Nef3 Qb6 13. Rb1 Qd8 14. g5 Nd7 15. Qc2 g6 16. h5 Nb4
0-1

[Event "JAHI   III"]
[Site "SchemingMind.com"]
[Date "2018.11.11"]
[Round "-"]
[White "johanrientsop"]
[Black "Robert Bruce"]
[Result "0-1"]
[WhiteCountry "NED"]
[BlackCountry "SCO"]
[WhiteElo "1835"]
[WhiteRD "93"]
[BlackElo "2311"]
[BlackRD "68"]
[GameID "434529"]

1. d4 Nf6 2. Bf4 e6 3. c3 c5 4. e3 Nc6 5. Bd3 d5 6. Nd2 Qb6 7. Qc2 Nh5 8. Bg3 Nxg3 9. hxg3 h6 10. Ngf3 Bd7
11. Ng5 Rc8 12. Ndf3 cxd4 13. exd4 Nb4 14. Qe2 Nxd3+ 15. Qxd3 Qxb2 16. Rb1 Qxc3+ 17. Qd2 f6 18. Nh3 b6 19. Nf4 Kf7 20. Qxc3 Rxc3
21. O-O g5 22. Ne2 Rc2 23. Nc1 Ba3 24. Nb3 Rhc8 25. Rfe1 Rxa2 26. Ra1 Rcc2 27. Nfd2 Bb4
0-1

[Event "JAHI   III"]
[Site "SchemingMind.com"]
[Date "2018.11.13"]
[Round "-"]
[White "Robert Bruce"]
[Black "johanrientsop"]
[Result "1-0"]
[WhiteCountry "SCO"]
[BlackCountry "NED"]
[WhiteElo "2336"]
[WhiteRD "68"]
[BlackElo "1803"]
[BlackRD "95"]
[GameID "434530"]

1. f4 d5 2. Nf3 Nf6 3. e3 g6 4. b4 Bg7 5. Bb2 O-O 6. Be2 Nbd7 7. O-O c5 8. bxc5 Nxc5 9. Be5 Bd7 10. Qc1 Rc8
11. Nc3 Bc6 12. Qa3 Ncd7 13. Bd4 a6 14. Qb2 Re8 15. Rab1 e6 16. a4 Bf8 17. Nb5 Ne4 18. Na7 Rb8 19. Rfc1 Bxa4 20. c4 Bc6
21. Qc2 Ra8 22. Nxc6 bxc6 23. Qa2 a5 24. cxd5 cxd5 25. Bb5 Bb4 26. Bxd7 Qxd7 27. Ne5 Qb5 28. d3 Nd6 29. Ng4 Rec8 30. Nf6+ Kf8
31. Nxh7+ Ke7 32. Qe2 Ne4 33. Rd1 Nc3 34. Bxc3 Rxc3 35. Qg4 d4 36. Qh4+ Kd6 37. Ng5 Rxd3 38. Nxf7+ Kc7 39. Rdc1+ Kb6 40. exd4 Ka6
41. Ne5 Re8 42. Rc6+ Ka7 43. Qh7+ Ka8 44. Rc7 Qb6 45. Nc6
1-0

[Event "JAHI   III"]
[Site "SchemingMind.com"]
[Date "2019.01.08"]
[Round "-"]
[White "Robert Bruce"]
[Black "John Hamer"]
[Result "1-0"]
[WhiteCountry "SCO"]
[BlackCountry "ENG"]
[WhiteElo "2384"]
[WhiteRD "68"]
[BlackElo "1942"]
[BlackRD "66"]
[GameID "436755"]

1. d4 d5 2. Nf3 Nc6 3. e3 Nf6 4. Nbd2 e6 5. b3 Bd6 6. Bb2 O-O 7. c4 Bd7 8. Be2 Ne4 9. a3 Rc8 10. a4 f5
11. O-O Qf6 12. a5 Rcd8 13. cxd5 exd5 14. a6 Bc8 15. axb7 Bxb7 16. Ne5 Qh6 17. Qc1 a5 18. f4 Be7 19. Nxc6 Bxc6 20. Nxe4 fxe4
21. Ba3 Bb4 22. Bxb4 axb4 23. Qc5 Qd6 24. Rfc1 Rf6 25. Ra6 Qxc5 26. Rxc5 Rdd6 27. g4 Be8 28. Ra8 Rf8 29. Rxc7 Rc6 30. Rac8 Re6
31. Rb7 Bc6 32. Rxf8+ Kxf8 33. Rxb4 Re7 34. Rb8+ Kf7 35. Ba6 Rc7 36. f5 Ra7 37. Rb6 Rc7 38. Kf2 Ke7 39. Kg3 h6 40. b4 Be8=
41. Re6+ Kf7 42. b5 Rc3 43. b6 Rxe3+ 44. Kf4 Rb3 45. b7 Bd7 46. Ke5 e3 47. Kxd5 Bxe6+ 48. fxe6+ Kf6 49. Kc6 Ke7 50. d5 Rc3+
51. Kb6 Rb3+ 52. Ka7
1-0

[Event "JAHI   III"]
[Site "SchemingMind.com"]
[Date "2019.01.08"]
[Round "-"]
[White "John Hamer"]
[Black "Robert Bruce"]
[Result "0-1"]
[WhiteCountry "ENG"]
[BlackCountry "SCO"]
[WhiteElo "1942"]
[WhiteRD "66"]
[BlackElo "2384"]
[BlackRD "68"]
[GameID "436756"]

1. c4 c6 2. d4 Nf6 3. Nc3 d5 4. Nf3 dxc4 5. e3 b5 6. a4 Bd7 7. Ne5 e6 8. axb5 Bb4 9. Bxc4 O-O 10. Qf3 Qb6
11. bxc6 Bxc6 12. Qh3 Bb5 13. O-O Bxc4 14. Nxc4 Qc7 15. Qf3 Nbd7 16. Na3 Rfb8 17. Nab5 Qb7 18. Qe2 Nf8 19. Bd2 Ng6 20. Rac1 Rd8
21. f4 Rab8 22. Ra1 a5 23. Rfc1 Qa6 24. Rc2 Rdc8 25. Rac1 Ne7 26. g3 h6 27. Kh1 Nf5 28. e4 Bxc3 29. Bxc3 Nxe4 30. Qxe4 Rxb5
31. g4 Nd6 32. Qf3 a4 33. Bd2 Rxc2 34. Rxc2= Rb3 35. Qg2 Qd3 36. Be1= Nc4 37. Rc3 Rxc3 38. bxc3 a3 39. g5 Ne3 40. Qa8+ Kh7
0-1